[Event "Landesliga Sued 0910"]
[Site "Bayern"]
[Date "2010.02.07"]
[Round "6.8"]
[White "Garbotz, Julian"]
[Black "Kobold, Julius"]
[Result "1-0"]
[WhiteElo "1867"]
[BlackElo "1813"]
[PlyCount "51"]
[EventDate "2009.10.18"]
[EventType "team-tourn"]
[EventRounds "9"]
[EventCountry "GER"]
[SourceTitle "EXT 2011"]
[Source "ChessBase"]
[SourceDate "2010.11.26"]
[SourceVersion "1"]
[SourceVersionDate "2010.11.26"]
[SourceQuality "1"]
[WhiteTeam "Muenchen Zugzwang"]
[BlackTeam "Weilheim"]
[WhiteTeamCountry "GER"]
[BlackTeamCountry "GER"]

1. e4 e6 2. d4 d5 3. Nd2 Nc6 4. c3 e5 5. dxe5 dxe4 6. Qa4 e3 7. fxe3 a6 8. Ngf3 g6 9. Bc4 Bd7 10. Qb3 Qe7 11. Qxb7 Ra7 12. Qb3 Bg7 13. 0-0 Nh6 14. Nd4 0-0 15. e6 Na5 16. Qb4 Qxb4 17. exf7+ Kh8 18. cxb4 Nxc4 19. Nxc4 Nf5 20. Nxf5 Bxf5 21. Bd2 Bd3 22. Rfc1 Rxf7 23. Bc3 Ra8 24. Ne5 Bxe5 25. Bxe5+ Kg8 26. Rxc7 1-0